=LDR 00000nam 2200000 4500 =001 INLIS000000000038065 =005 20200204024059 =035 ##$$a 0010-061300000038065 =008 200204################g##########0#ind## =041 ##$$a ind =082 ##$$a 005.3 =090 ##$$a 005.3, Awa s =100 ##$$a Away, Gunaidi abdia =245 1#$$a The shortcut MATLAB programming /$c Gunaidi Abdia Away =260 ##$$a Bandung :$b BI-Obses,$c 2010 =300 ##$$a xvi, 232 hlm. : $b ilus. ; $c 14x21 cm. =650 #4$$a Informatika =850 ##$$a NBPNMAT =020 ##$$a 978-979-1153-72-0 =084 ##$$a 005.3 AWA t =504 ##$$a Bibliografi : hlm.231 =990 ##$$a 21195828/BPAP-NTB/2014 =990 ##$$a 21107200 =990 ##$$a 21107201